000 00807nam a22002297a 4500
999 _c8580
_d8580
003 AR-CdUCM
008 190321b ||||| |||| 00| 0 spa d
040 _aMUNICIPALIDAD PROVINCIAL DEL CUSCO
_cBIBLIOTECA MUNICIPAL DEL CUSCO
082 _a985.008 /
_bD72I
110 _aDocumental del Perú
_916724
245 _aDocumental del Perú :
_bdepartamento de Ica /
260 _aLima :
_bIOOPE,
_c1968.
300 _a158 páginas ;
_bImágenes, mapas.
_c21 cm.
505 _aContenido: Ica -- Turismo -- Folklore -- Historia -- Producción y desarrollo -- Cultura y personajes...
650 _aHistoria de Ica.
_916825
650 _aProducción
_91785
650 _aFolklore
_91081
650 _aTurismo.
_94560
700 _a Cortazar, Pedro Felipe (director)
_917387
942 _2ddc
_cLIBROS
945 _awfj